000 00761nam a22002417a 4500
999 _c8652
_d8652
003 GBCCL
005 20241126110655.0
008 210713b ||||| |||| 00| 0 eng d
020 _a0851518982
020 _a9780851518985
020 _a085151913X
020 _a9780851519135
040 _cGBC
082 _a225.07
_bWIL
100 _aWilson, Geoffrey B
_98444
245 _aNew Testament Commentary /
_cGeoffrey B Wilson
260 _aEdinburgh ; Carlisle, Pa. :
_bBanner of Truth Trust,
_c©2005
300 _a2 volumes ;
_b22 cm
505 _av. 1. Romans to Ephesians -- v. 2. Philippians to Hebrews and Revelation.
650 _aBible.
_vNew Testament
_xCommentaries.
_915263
650 _aBible.
_vNew Testament.
_97309
942 _2ddc
_cBK
_08